000 00422nam a2200133Ia 4500
003 GCL
008 140319s9999 xx 000 0 ara d
040 _aGCL /
_cGCL
082 0 4 _a001.5
_bع ر
100 1 _aعواشة محمد حقيق
245 1 0 _aالرأى العام بين الدعاية والاعلام /
_cعواشة محمد حقيق
300 _a230
490 _aمنشورات الجامعة المفتوحة
_v0
999 _c43362
_d43362